Shaker inventions Nancy O"Keefe Bolick.
Record details
- ISBN: 0802769349
- ISBN: 0802769330
- Physical Description: 96 pages : illustrations ; 24 cm.
- Publisher: New York : Walker, 1990.
Content descriptions
| General Note: | Includes index. |
Search for related items by subject
| Subject: | Shakers. |
Available copies
- 1 of 1 copy available at scottsboropl.
Holds
- 0 current holds with 1 total copy.
Show Only Available Copies
| Location | Call Number / Copy Notes | Barcode | Shelving Location | Status | Due Date |
|---|---|---|---|---|---|
| scottsboropl | J 289 Bol | 32269000158363 | Juvenile - NonFiction | Available | - |
| LDR | 00687cam a2200217 4500 | ||
|---|---|---|---|
| 001 | 122198 | ||
| 003 | CONS | ||
| 005 | 20140703073259.0 | ||
| 008 | 901013s1990 a 001 0 | ||
| 010 | . | ‡a 89070618 | |
| 020 | . | ‡a0802769349 | |
| 020 | . | ‡a0802769330 | |
| 035 | . | ‡a(CPomAG)LMN475919 | |
| 100 | 1 | . | ‡aBolick, Nancy O'Keefe. |
| 245 | 0. | ‡aShaker inventions ‡cNancy O"Keefe Bolick. | |
| 260 | . | ‡aNew York : ‡b Walker, ‡c1990. | |
| 300 | . | ‡a96 pages : ‡billustrations ; ‡c24 cm. | |
| 500 | . | ‡aIncludes index. | |
| 610 | 0. | ‡aShakers. | |
| 959 | . | ‡i32269000158363 ‡lJ 289 Bol ‡aJuvenile - NonFiction ‡tJuv Nonfiction ‡g12.95 | |
| 852 | . | ‡p32269000158363 ‡jJ 289 Bol ‡gJuvenile - NonFiction ‡cJuv Nonfiction ‡y12.95 ‡bSBPL | |
| 901 | . | ‡a122198 ‡bUnknown ‡c122198 ‡tbiblio | |